| 000 | 00522nam a22001697a 4500 | ||
|---|---|---|---|
| 003 | MACL | ||
| 005 | 20160324130558.0 | ||
| 008 | 160324b xxu||||| |||| 00| 0 eng d | ||
| 040 | _cMACL | ||
| 041 | _aHindi | ||
| 082 | _a294 SHA | ||
| 100 |
_aशर्मा अर्चना _948251 |
||
| 245 | _aभगवान महावीर | ||
| 260 |
_aनई दिल्ली _bसुरेन्द्रकुमार एण्ड सन्ज _c2005 |
||
| 650 |
_aReligion _948252 |
||
| 942 |
_2ddc _cHIN |
||
| 999 |
_c53609 _d53609 |
||